| 000 | 00827nam a2200241 i 4500 | ||
|---|---|---|---|
| 001 | 14700 | ||
| 003 | ES-MaACL | ||
| 005 | 20250927121604.0 | ||
| 007 | t| | ||
| 008 | 990525s1963 fr ||||1| fre d | ||
| 080 | _a821.133.1-31"18" | ||
| 100 | 1 |
_aBalzac, Honoré de, _d1799-1850 _925139 |
|
| 245 | 1 | 3 |
_aLa duchesse de Langeais suivi de La fille aux yeux d'or / _cBalzac ; préface de Philippe Hériat ; texte établi par M. Bouteron. |
| 260 |
_aParis : _bLe Livre de Poche, _c[1963] |
||
| 300 |
_a242 p. ; _c17 cm. |
||
| 490 | 1 |
_aLe Livre de poche ; _v356 |
|
| 700 | 1 |
_aHériat, Philippe. _962715 |
|
| 700 | 1 |
_aBouteron, Marcel, _d1877-1962 _9160767 |
|
| 740 | 3 | _aLa fille aux yeux d'or. | |
| 830 | 0 | 3 |
_aLe livre de poche _v356 _9179656 |
| 852 |
_aES-MaACL _jL-21859 _bR.113621 |
||
| 999 |
_c14700 _d14700 |
||